Engineering Mechanics (Record no. 1232)

MARC details
000 -LEADER
fixed length control field 00341nam a2200145Ia 4500
008 - FIXED-LENGTH DATA ELEMENTS--GENERAL INFORMATION
fixed length control field 191201s2005 xx 000 0 und d
082 ## - DEWEY DECIMAL CLASSIFICATION NUMBER
Classification number 620.1
Item number KUE
100 ## - MAIN ENTRY--PERSONAL NAME
Personal name KUMAR, D S
245 #0 - TITLE STATEMENT
Title Engineering Mechanics
250 ## - EDITION STATEMENT
Edition statement 2nd
260 ## - PUBLICATION, DISTRIBUTION, ETC. (IMPRINT)
Place of publication, distribution, etc N.Delhi
Name of publisher, distributor, etc S K Kataria and Sons
Date of publication, distribution, etc 2005
300 ## - PHYSICAL DESCRIPTION
Extent 711
650 ## - SUBJECT ADDED ENTRY--TOPICAL TERM
Topical term or geographic name as entry element B.Tech(ME)
942 ## - ADDED ENTRY ELEMENTS (KOHA)
Source of classification or shelving scheme Dewey Decimal Classification
Koha item type Text Books
Holdings
Withdrawn status Lost status Source of classification or shelving scheme Damaged status Not for loan Collection code Home library Current library Date acquired Source of acquisition Cost, normal purchase price Bill Number Total Checkouts Full call number Acc. no. / Barcode Date last seen Date last borrowed Bill Date Koha item type Checked out
    Dewey Decimal Classification     B.Tech(ME) PIET C-LIBRARY PIET C-LIBRARY 13/08/2006 UBS, DELHI 195.00 125377 2 620.1 KUE 1816 15/11/2022 04/11/2022 18/08/2005 Text Books  
    Dewey Decimal Classification     B.Tech(ME) PIET C-LIBRARY PIET C-LIBRARY 13/08/2006 UBS, DELHI 195.00 125377 2 620.1 KUE 1817 11/12/2024 11/12/2024 18/08/2005 Text Books 30/06/2025
    Dewey Decimal Classification     B.Tech(ME) PIET C-LIBRARY PIET C-LIBRARY 13/08/2006 UBS, DELHI 195.00 125377   620.1 KUE 1818 04/12/2019   18/08/2005 Text Books  
    Dewey Decimal Classification     B.Tech(ME) PIET C-LIBRARY PIET C-LIBRARY 19/08/2006 M/s UDH , Delhi 195.00 125382 2 620.1 KUE 2844 08/07/2025 19/09/2024 23/08/2005 Text Books  
    Dewey Decimal Classification     B.Tech(ME) PIET C-LIBRARY PIET C-LIBRARY 19/08/2006 M/s UDH , Delhi 195.00 125382   620.1 KUE 2845 04/12/2019   23/08/2005 Text Books  
    Dewey Decimal Classification     B.Tech(ME) PIET C-LIBRARY PIET C-LIBRARY 19/08/2006 M/s UDH , Delhi 195.00 125382   620.1 KUE 2846 04/12/2019   23/08/2005 Text Books  

Design & Developed by: PIET Central Library
R70 Miles Stone Pattikalyana Samalkha Panipat 132102
mail ID :- [email protected], Phone No:- 0180-2569700 Ex.216